<?xml version="1.0" encoding="UTF-8"?>
<record
    xmlns:xsi="http://www.w3.org/2001/XMLSchema-instance"
    xsi:schemaLocation="http://www.loc.gov/MARC21/slim http://www.loc.gov/standards/marcxml/schema/MARC21slim.xsd"
    xmlns="http://www.loc.gov/MARC21/slim">

  <leader>01155nam a2200337 i 4500</leader>
  <controlfield tag="001">016332472</controlfield>
  <controlfield tag="003">OSt</controlfield>
  <controlfield tag="005">20141009144351.0</controlfield>
  <controlfield tag="008">130502t2014    xxua   frbd   001 0 eng d</controlfield>
  <datafield tag="020" ind1=" " ind2=" ">
    <subfield code="a">9780133141726 (paperback)</subfield>
  </datafield>
  <datafield tag="020" ind1=" " ind2=" ">
    <subfield code="a">0136474721 (paperback)</subfield>
  </datafield>
  <datafield tag="040" ind1=" " ind2=" ">
    <subfield code="a">Uk</subfield>
    <subfield code="b">eng</subfield>
    <subfield code="c">Uk</subfield>
    <subfield code="d">EG-ScBUE</subfield>
  </datafield>
  <datafield tag="082" ind1="0" ind2="0">
    <subfield code="a">618.20231</subfield>
    <subfield code="2">22</subfield>
    <subfield code="b">LAD</subfield>
  </datafield>
  <datafield tag="100" ind1="1" ind2=" ">
    <subfield code="a">Ladewig, Patricia W.</subfield>
    <subfield code="9">36174</subfield>
  </datafield>
  <datafield tag="245" ind1="1" ind2="0">
    <subfield code="a">Contemporary maternal-newborn nursing care /</subfield>
    <subfield code="c">Patricia A. Wieland Ladewig, Marcia L. London, Michele R. Davidson.</subfield>
  </datafield>
  <datafield tag="250" ind1=" " ind2=" ">
    <subfield code="a">8th ed.,</subfield>
    <subfield code="b">international ed.</subfield>
  </datafield>
  <datafield tag="260" ind1=" " ind2=" ">
    <subfield code="a">Upper Saddle River, United States :</subfield>
    <subfield code="b">Pearson Education,</subfield>
    <subfield code="c">c.2014.</subfield>
  </datafield>
  <datafield tag="300" ind1=" " ind2=" ">
    <subfield code="a">xii, 831 p. :</subfield>
    <subfield code="b">ill. (col.) ;</subfield>
    <subfield code="c">28 cm.</subfield>
  </datafield>
  <datafield tag="490" ind1="0" ind2=" ">
    <subfield code="a">Always Learning</subfield>
  </datafield>
  <datafield tag="500" ind1=" " ind2=" ">
    <subfield code="a">Includes appendixes.</subfield>
  </datafield>
  <datafield tag="500" ind1=" " ind2=" ">
    <subfield code="a">Glossary : p. 771-786.</subfield>
  </datafield>
  <datafield tag="500" ind1=" " ind2=" ">
    <subfield code="a">Index : p. 787-831.</subfield>
  </datafield>
  <datafield tag="504" ind1=" " ind2=" ">
    <subfield code="a">Includes bibliographical references.</subfield>
  </datafield>
  <datafield tag="650" ind1=" " ind2="0">
    <subfield code="a">Maternity nursing</subfield>
    <subfield code="9">12162</subfield>
  </datafield>
  <datafield tag="650" ind1=" " ind2="0">
    <subfield code="a">Maternal-Child Nursing</subfield>
    <subfield code="9">12164</subfield>
  </datafield>
  <datafield tag="653" ind1=" " ind2=" ">
    <subfield code="b">NNUR</subfield>
    <subfield code="c">October2014</subfield>
  </datafield>
  <datafield tag="655" ind1=" " ind2=" ">
    <subfield code="v">reading book</subfield>
    <subfield code="9">34232</subfield>
  </datafield>
  <datafield tag="700" ind1="1" ind2=" ">
    <subfield code="a">London, Marcia L.</subfield>
    <subfield code="9">20354</subfield>
  </datafield>
  <datafield tag="700" ind1="1" ind2=" ">
    <subfield code="a">Davidson, Michele R.</subfield>
    <subfield code="9">22311</subfield>
  </datafield>
  <datafield tag="942" ind1=" " ind2=" ">
    <subfield code="2">ddc</subfield>
    <subfield code="k">618.20231 LAD</subfield>
  </datafield>
  <datafield tag="999" ind1=" " ind2=" ">
    <subfield code="c">18440</subfield>
    <subfield code="d">18412</subfield>
  </datafield>
  <datafield tag="952" ind1=" " ind2=" ">
    <subfield code="0">0</subfield>
    <subfield code="1">0</subfield>
    <subfield code="2">ddc</subfield>
    <subfield code="4">0</subfield>
    <subfield code="7">0</subfield>
    <subfield code="8">Baccah</subfield>
    <subfield code="a">MAIN</subfield>
    <subfield code="b">MAIN</subfield>
    <subfield code="c">1ST</subfield>
    <subfield code="d">2014-10-09</subfield>
    <subfield code="e">purchase</subfield>
    <subfield code="g">264.00</subfield>
    <subfield code="h">20526</subfield>
    <subfield code="l">4</subfield>
    <subfield code="m">38</subfield>
    <subfield code="o">618.20231 LAD</subfield>
    <subfield code="p">000036547</subfield>
    <subfield code="r">2025-07-15 00:00:00</subfield>
    <subfield code="s">2020-02-27</subfield>
    <subfield code="v">330.00</subfield>
    <subfield code="y">BB</subfield>
  </datafield>
  <datafield tag="952" ind1=" " ind2=" ">
    <subfield code="0">0</subfield>
    <subfield code="1">0</subfield>
    <subfield code="2">ddc</subfield>
    <subfield code="4">0</subfield>
    <subfield code="7">0</subfield>
    <subfield code="8">Baccah</subfield>
    <subfield code="a">MAIN</subfield>
    <subfield code="b">MAIN</subfield>
    <subfield code="c">1ST</subfield>
    <subfield code="d">2014-10-09</subfield>
    <subfield code="e">purchase</subfield>
    <subfield code="g">264.00</subfield>
    <subfield code="h">20526</subfield>
    <subfield code="l">7</subfield>
    <subfield code="m">47</subfield>
    <subfield code="o">618.20231 LAD</subfield>
    <subfield code="p">000036548</subfield>
    <subfield code="q">2024-11-19</subfield>
    <subfield code="r">2024-10-20 00:00:00</subfield>
    <subfield code="s">2024-10-20</subfield>
    <subfield code="v">330.00</subfield>
    <subfield code="y">BB</subfield>
  </datafield>
  <datafield tag="952" ind1=" " ind2=" ">
    <subfield code="0">0</subfield>
    <subfield code="1">0</subfield>
    <subfield code="2">ddc</subfield>
    <subfield code="4">0</subfield>
    <subfield code="7">0</subfield>
    <subfield code="8">AUC</subfield>
    <subfield code="a">MAIN</subfield>
    <subfield code="b">MAIN</subfield>
    <subfield code="c">1ST</subfield>
    <subfield code="d">2014-10-09</subfield>
    <subfield code="e">purchase</subfield>
    <subfield code="g">264.00</subfield>
    <subfield code="h">20526</subfield>
    <subfield code="l">6</subfield>
    <subfield code="m">37</subfield>
    <subfield code="o">618.20231 LAD</subfield>
    <subfield code="p">000036549</subfield>
    <subfield code="r">2026-01-12 00:00:00</subfield>
    <subfield code="s">2025-12-03</subfield>
    <subfield code="v">330.00</subfield>
    <subfield code="y">BB</subfield>
  </datafield>
</record>
